000
00311nam a2200109Ia 4500
005
20251222114416.0
008
251222s1900||||xx |||||||||||||| ||spa||
082
_a
DVD0095/J84/1994/Ej.3
245
0
_a
Viaje a través del universo
264
_b
Hernández, Marie Juergensen, Kevin W. Bud Hutchins.
942
_c
DVD
999
_c
2241
_d
2241